Statystyki dla Państwa położone najbliżej Indonezji

Kliknij tutaj aby rozwiązać quiz!

Ogólne statystyki

  • Ten quiz został rozwiązany 144 razy
  • Średni wynik to 16 z 20

Statystyki odpowiedzi

kmPaństwomile% Poprawnych
0Malezja0
93%
146Australia90
92%
1561Chiny970
91%
168Filipiny105
89%
179Indie111
89%
301Tajlandia187
89%
600Wietnam373
86%
1105Laos687
84%
6Singapur4
84%
0Timor Wschodni0
84%
40Brunei25
82%
0Papua-Nowa Gwinea0
82%
768Kambodża477
81%
539Mjanma335
77%
2033Tajwan1263
73%
1719Bangladesz1068
72%
1475Sri Lanka917
72%
1103Mikronezja685
66%
793Palau482
62%
1701Wyspy Salomona1057
54%

Rozkład punktacji

Percentyl według liczby udzielonych odpowiedzi

Procent ludzi z każdym wynikiem

Twoja historia wyników

Nie rozwiązałeś tego quizu